| Поле | Название | Значение |
| |
Тип записи |
c |
| |
Библиографический уровень |
m |
| 001 |
Контрольный номер |
UONB/MAIN/9986f3cdceb04f67bbca093a241a51cd |
| 005 |
Дата корректировки |
20251208144430.2 |
| 010 |
Индекс ISBN |
__ |
| b |
Уточнения |
в пер. |
| 9 |
Тираж |
20000 экз. |
| 013 |
Номер (ISMN) |
__ |
| d |
Цена |
2 р. 10 к. |
| 071 |
Издательские номер (звукозапись и ноты) |
21 |
| a |
Номер, присвоенный агентством |
5150 |
| 100 |
Данные общей обработки |
__ |
| a |
Данные общей обработки |
20241120g1967 u y0rusy0189 ca |
| 101 |
Язык документа |
0_ |
| a |
Язык текста |
rus |
| f |
Язык титульного листа |
rus |
| 102 |
Страна публикации |
__ |
| a |
Страна публикации |
RU |
| 125 |
Кодированные данные звукозаписи и нотных изданий |
__ |
| a |
Форма изложения нотного текста |
с |
| 128 |
Кодированные данные (звукозаписи-физические характеристики) |
__ |
| a |
Кодированные данные: Музыкальная форма и тональность или лад |
sg |
| b |
Инструменты или голоса, необходимые для ансамблей (устаревшее) |
cu |
| c |
Инструменты или голоса, рекомендуемые для солистов (устаревшее) |
vu |
| 200 |
Заглавие и сведения об ответственности |
1_ |
| a |
Заглавие |
Выпуск 4 |
| e |
Сведения, относящиеся к заглавию |
1945-1955 гг. |
| f |
Первые сведения об ответственности |
с послесловием |
| 203 |
Вид содержания и тип средства |
__ |
| a |
Вид содержания |
Музыка |
| b |
Характеристика содержания |
знаковая |
| c |
Тип средства |
непосредственная |
| 210 |
Выходные данные |
1_ |
| d |
Дата издания |
1967 |
| 215 |
Физическое описание |
__ |
| a |
Объем |
260 с. |
| 327 |
Примечание о содержании |
11 |
| a |
Примечание о содержании |
Содерж.: 1945 : Новиков А. Дороги / сл. Л. Ошанина. - Дунаевский И. Ехал я из Берлина / сл. Л. Ошанина. - Листов К. Ходили мы походами / сл. А. Жарова. - Соловьев-Седой В. Пора в путь-дорогу / сл. С. Фогельсона ; Услышь меня, хорошая / сл. М. Исаковского. - 1946 : Новиков А. Родина моя / сл. Л. Ошанина. - Мокроусов Б. Песня о родной земле / сл. О. Фадеевой. - Лепин А. Здравствуй, Москва! : из кф. "Здравствуй, Москва!" / сл. О. Фадеевой. - Блантер М. Лучше нету того цвету / сл. М. Исаковского. - Милютин Ю. Сирень-черемуха : из кф. "Беспокойное хозяйство" / сл. А. Софронова. - 1947 : Новиков А. Россия / сл. С. Алымова ; Гимн демократической молодежи мира / сл. Л. Ошанина. - Кац С. Дай руку, товарищ далекий / сл. А. Софронова. - Мокроусов Б. Мы люди большого полета / сл. А. Фатьянова. - Дунаевский И. Пути-дороги / сл. С. Алымова. - Кац С. Здравствуй, столица! / сл. А. Софронова. - Хренников Т. Поезд идет все быстрей : из кф. "Поезд идет на восток" / сл. М. Светлова. - Соловьев-Седой В. Где же вы теперь, друзья-однополчане? / сл. А. Фатьянова. - Носов Г. Далеко-далеко / сл. А. Чуркина. - Мокроусов Б. Одинокая гармонь / сл. М. Исаковского. - Блантер М. Пшеница золотая / сл. М. Исаковского. - 1948 : Шостакович Д. Песня мира : из кф. "Встреча на Эльбе" / сл. Е. Долматовского. - Туликов С. Мы за мир / сл. А. Жарова. - Дунаевский И. Дорожная песня / сл. С. Васильева. - Островский А. Комсомольцы - беспокойные сердца / сл. Л. Ошанина. - Захаров В. Пройдут года / сл. М. Исаковского. - Милютин Ю. Ленинские горы / сл. Е. Долматовского. - Блантер М. Солнце скрылось за горою / сл. А. Коваленкова. - Богословский Н. Где ты, утро раннее? / сл. А. Жарова. - 1949 : Белый В. В защиту мира! / сл. И. Френкеля. - Мурадели В. Гимн Международного союза студентов / сл. Л. Ошанина. - Титов А. Москва советская / сл. С. Васильева. - Блантер М. Летят перелетные птицы / сл. М. Исаковского. - Молчанов К. Солдаты идут / сл. М. Львовского. - Макаров В. Рос на опушке рощи клен / сл. Я. Шведова. - Мокроусов Б. Сормовская лирическая / сл. Е. Долматовского. - Дунаевский И. Ой, цветет калина ; Каким ты был : из кф. "Кубанские казаки" / сл. М. Исаковского. - Прицкер Д. Белокрылые чайки / сл. С. Фогельсона. - 1950 : Шостакович Д. Родина слышит / сл. Е. Долматовского. - Макаров В. Как у Волги у реки : из сюиты "Река-богатырь" / сл. Я. Белинского. - Жарковский Е. Ласточка-касаточка / сл. О. Колычева. - 1951 : Туликов С. Марш советской молодежи / сл. Е. Долматовского. - Дунаевский И. Летите, голуби : из кф. "Мы за мир" / сл. М. Матусовского. - 1952 : Мурадели В. Партия - наш рулевой / сл. С. Михалкова. - 1953 : Захаров В. Русская красавица / сл. П. Казьмина. - Родыгин Е. Уральская рябинушка / сл. М. Пилипенко. - 1954 : Мурадели В. Едем мы, друзья! / сл. Э. Иодковского. - Родыгин Е. Едут новоселы / сл. Н. Солохиной. - Хренников Т. Песня верных друзей : из кф. "Верные друзья" / сл. М. Матусовского. - 1955 : Холминов А. Песня о Ленине / сл. Ю. Каменецкого. - Туликов С. Ленин всегда с тобой / сл. Л. Ошанина. - Соловьев-Седой В. В путь / сл. М. Дудина. - Мокроусов Б. Жди солдата / сл. С. Острового. - Терентьев Б. Гвардейская полька / сл. В. Гурьяна. |
| 461 |
Уровень набора |
_0 |
| 1 |
|
2001 |
| a |
|
Славим победу Октября! |
| e |
|
1917-1967 |
| e |
|
избранные русские советские песни в пяти выпусках |
| f |
|
редакционная комиссия В. А. Белый, В. П. Букин, Е. А. Долматовский [и др.] |
| g |
|
составление и комментарии А. Шилова |
| v |
|
Выпуск 4 |
| 1 |
|
2101 |
| a |
|
Москва |
| c |
|
Музыка |
| d |
|
1967 - |
| 1 |
|
001UONB/MAIN/d9f31194a1fe40d481b09c8824578d1e |
| 1 |
|
215 |
| d |
|
22 см |
| 464 |
Аналитический уровень |
_0 |
| 1 |
|
036 |
| t |
|
Эх, дороги... |
| 1 |
|
700 1 |
| a |
|
Новиков |
| b |
|
А. |
| 1 |
|
702 1 |
| a |
|
Ошанин |
| b |
|
Л. |
| 4 |
|
520 |
| 1 |
|
2001 |
| a |
|
Дороги |
| 464 |
Аналитический уровень |
_0 |
| 1 |
|
700 1 |
| a |
|
Дунаевский |
| b |
|
И. |
| 1 |
|
702 1 |
| a |
|
Ошанин |
| b |
|
Л. |
| 4 |
|
520 |
| 1 |
|
2001 |
| a |
|
Ехал я из Берлина |
| 464 |
Аналитический уровень |
_0 |
| 1 |
|
700 1 |
| a |
|
Листов |
| b |
|
К. |
| 1 |
|
702 1 |
| a |
|
Жаров |
| b |
|
А. |
| 4 |
|
520 |
| 1 |
|
2001 |
| a |
|
Ходили мы походами |
| 464 |
Аналитический уровень |
_0 |
| 1 |
|
036 |
| t |
|
Дождливым вечером, вечером, вечером... |
| 1 |
|
700 1 |
| a |
|
Соловьев-Седой |
| b |
|
В. |
| 1 |
|
702 1 |
| a |
|
Фогельсон |
| b |
|
С. |
| 4 |
|
520 |
| 1 |
|
2001 |
| a |
|
Пора в путь-дорогу |
| 464 |
Аналитический уровень |
_0 |
| 1 |
|
700 1 |
| a |
|
Соловьев-Седой |
| b |
|
В. |
| 1 |
|
702 1 |
| a |
|
Исаковский |
| b |
|
М. |
| 4 |
|
520 |
| 1 |
|
2001 |
| a |
|
Услышь меня, хорошая... |
| 464 |
Аналитический уровень |
_0 |
| 1 |
|
036 |
| t |
|
Под лучезарным небосводом... |
| 1 |
|
700 1 |
| a |
|
Новиков |
| b |
|
А. |
| 1 |
|
702 1 |
| a |
|
Ошанин |
| b |
|
Л. |
| 4 |
|
520 |
| 1 |
|
2001 |
| a |
|
Родина моя |
| 464 |
Аналитический уровень |
_0 |
| 1 |
|
036 |
| t |
|
Выхожу ли я в поле широкое... |
| 1 |
|
700 1 |
| a |
|
Мокроусов |
| b |
|
Б. |
| 1 |
|
702 1 |
| a |
|
Фадеева |
| b |
|
О. |
| 4 |
|
520 |
| 1 |
|
2001 |
| a |
|
Песня о родной земле |
| 464 |
Аналитический уровень |
_0 |
| 1 |
|
036 |
| t |
|
Нас улица шумом встречала... |
| 1 |
|
700 1 |
| a |
|
Лепин |
| b |
|
А. |
| 1 |
|
702 1 |
| a |
|
Фадеева |
| b |
|
О. |
| 4 |
|
520 |
| 1 |
|
2001 |
| a |
|
Здравствуй, Москва! |
| e |
|
из кф. "Здравствуй, Москва!" |
| 1 |
|
50010 |
| a |
|
Здравствуй, Москва! |
| 464 |
Аналитический уровень |
_0 |
| 1 |
|
700 1 |
| a |
|
Блантер |
| b |
|
М. |
| 1 |
|
702 1 |
| a |
|
Исаковский |
| b |
|
М. |
| 4 |
|
520 |
| 1 |
|
2001 |
| a |
|
Лучше нету того цвету |
| 464 |
Аналитический уровень |
_0 |
| 1 |
|
036 |
| t |
|
Расцвела сирень-черемуха в саду... |
| 1 |
|
700 1 |
| a |
|
Милютин |
| b |
|
Ю. |
| 1 |
|
702 1 |
| a |
|
Софронов |
| b |
|
А. |
| 4 |
|
520 |
| 1 |
|
2001 |
| a |
|
Сирень-черемуха |
| e |
|
из кф. "Беспокойное хозяйство" |
| 1 |
|
50010 |
| a |
|
Беспокойное хозяйство |
| 464 |
Аналитический уровень |
_0 |
| 1 |
|
036 |
| t |
|
Где найдешь страну на свете... |
| 1 |
|
700 1 |
| a |
|
Новиков |
| b |
|
А. |
| 1 |
|
702 1 |
| a |
|
Алымов |
| b |
|
С. |
| 4 |
|
520 |
| 1 |
|
2001 |
| a |
|
Россия |
| 464 |
Аналитический уровень |
_0 |
| 1 |
|
036 |
| t |
|
Дети разных народов... |
| 1 |
|
700 1 |
| a |
|
Новиков |
| b |
|
А. |
| 1 |
|
702 1 |
| a |
|
Ошанин |
| b |
|
Л. |
| 4 |
|
520 |
| 1 |
|
2001 |
| a |
|
Гимн демократической молодежи мира |
| 464 |
Аналитический уровень |
_0 |
| 1 |
|
036 |
| t |
|
Мы идем с тобой в едином строю... |
| 1 |
|
700 1 |
| a |
|
Кац |
| b |
|
С. |
| 1 |
|
702 1 |
| a |
|
Софронов |
| b |
|
А. |
| 4 |
|
520 |
| 1 |
|
2001 |
| a |
|
Дай руку, товарищ далекий |
| 464 |
Аналитический уровень |
_0 |
| 1 |
|
700 1 |
| a |
|
Мокроусов |
| b |
|
Б. |
| 1 |
|
702 1 |
| a |
|
Фатьянов |
| b |
|
А. |
| 4 |
|
520 |
| 1 |
|
2001 |
| a |
|
Мы люди большого полета |
| 464 |
Аналитический уровень |
_0 |
| 1 |
|
036 |
| t |
|
Мы стоим, мы глядим на дымок паровоза... |
| 1 |
|
700 1 |
| a |
|
Дунаевский |
| b |
|
И. |
| 1 |
|
702 1 |
| a |
|
Алымов |
| b |
|
С. |
| 4 |
|
520 |
| 1 |
|
2001 |
| a |
|
Пути-дороги |
| 464 |
Аналитический уровень |
_0 |
| 1 |
|
036 |
| t |
|
Золотом жарким горит небосвод... |
| 1 |
|
700 1 |
| a |
|
Кац |
| b |
|
С. |
| 1 |
|
702 1 |
| a |
|
Софронов |
| b |
|
А. |
| 4 |
|
520 |
| 1 |
|
2001 |
| a |
|
Здравствуй, столица! |
| 464 |
Аналитический уровень |
_0 |
| 1 |
|
036 |
| t |
|
Мы прощаемся с Москвой... |
| 1 |
|
700 1 |
| a |
|
Хренников |
| b |
|
Т. |
| 1 |
|
702 1 |
| a |
|
Светлов |
| b |
|
М. |
| 4 |
|
520 |
| 1 |
|
2001 |
| a |
|
Поезд идет все быстрей |
| e |
|
из кф. "Поезд идет на восток" |
| 1 |
|
50010 |
| a |
|
Поезд идет на восток |
| 464 |
Аналитический уровень |
_0 |
| 1 |
|
036 |
| t |
|
Майскими короткими ночами... |
| 1 |
|
700 1 |
| a |
|
Соловьев-Седой |
| b |
|
В. |
| 1 |
|
702 1 |
| a |
|
Фатьянов |
| b |
|
А. |
| 4 |
|
520 |
| 1 |
|
2001 |
| a |
|
Где же вы теперь, друзья-однополчане? |
| 464 |
Аналитический уровень |
_0 |
| 1 |
|
700 1 |
| a |
|
Носов |
| b |
|
Г. |
| 1 |
|
702 1 |
| a |
|
Чуркин |
| b |
|
А. |
| 4 |
|
520 |
| 1 |
|
2001 |
| a |
|
Далеко-далеко |
| 464 |
Аналитический уровень |
_0 |
| 1 |
|
036 |
| t |
|
Снова замерло все до рассвета... |
| 1 |
|
700 1 |
| a |
|
Мокроусов |
| b |
|
Б. |
| 1 |
|
702 1 |
| a |
|
Исаковский |
| b |
|
М. |
| 4 |
|
520 |
| 1 |
|
2001 |
| a |
|
Одинокая гармонь |
| 464 |
Аналитический уровень |
_0 |
| 1 |
|
036 |
| t |
|
Мне хорошо, колосья раздвигая... |
| 1 |
|
700 1 |
| a |
|
Блантер |
| b |
|
М. |
| 1 |
|
702 1 |
| a |
|
Исаковский |
| b |
|
М. |
| 4 |
|
520 |
| 1 |
|
2001 |
| a |
|
Пшеница золотая |
| 464 |
Аналитический уровень |
_0 |
| 1 |
|
036 |
| t |
|
Ветер мира колышет знамена побед... |
| 1 |
|
700 1 |
| a |
|
Шостакович |
| b |
|
Д. |
| 1 |
|
702 1 |
| a |
|
Долматовский |
| b |
|
Е. |
| 4 |
|
520 |
| 1 |
|
2001 |
| a |
|
Песня мира |
| e |
|
из кф. "Встреча на Эльбе" |
| 1 |
|
50010 |
| a |
|
Встреча на Эльбе |
| 464 |
Аналитический уровень |
_0 |
| 1 |
|
036 |
| t |
|
Всей земли народ... |
| 1 |
|
700 1 |
| a |
|
Туликов |
| b |
|
С. |
| 1 |
|
702 1 |
| a |
|
Жаров |
| b |
|
А. |
| 4 |
|
520 |
| 1 |
|
2001 |
| a |
|
Мы за мир |
| 464 |
Аналитический уровень |
_0 |
| 1 |
|
036 |
| t |
|
Лучами красит солнышко... |
| 1 |
|
700 1 |
| a |
|
Дунаевский |
| b |
|
И. |
| 1 |
|
702 1 |
| a |
|
Васильев |
| b |
|
С. |
| 4 |
|
520 |
| 1 |
|
2001 |
| a |
|
Дорожная песня |
| 464 |
Аналитический уровень |
_0 |
| 1 |
|
036 |
| t |
|
Солнцу и ветру навстречу... |
| 1 |
|
700 1 |
| a |
|
Островский |
| b |
|
А. |
| 1 |
|
702 1 |
| a |
|
Ошанин |
| b |
|
Л. |
| 4 |
|
520 |
| 1 |
|
2001 |
| a |
|
Комсомольцы - беспокойные сердца |
| 464 |
Аналитический уровень |
_0 |
| 1 |
|
036 |
| t |
|
С одним желаньем и с думою одною... |
| 1 |
|
700 1 |
| a |
|
Захаров |
| b |
|
В. |
| 1 |
|
702 1 |
| a |
|
Исаковский |
| b |
|
М. |
| 4 |
|
520 |
| 1 |
|
2001 |
| a |
|
Пройдут года |
| 464 |
Аналитический уровень |
_0 |
| 1 |
|
036 |
| t |
|
Друзья, люблю я Ленинские горы... |
| 1 |
|
700 1 |
| a |
|
Милютин |
| b |
|
Ю. |
| 1 |
|
702 1 |
| a |
|
Долматовский |
| b |
|
Е. |
| 4 |
|
520 |
| 1 |
|
2001 |
| a |
|
Ленинские горы |
| 464 |
Аналитический уровень |
_0 |
| 1 |
|
700 1 |
| a |
|
Блантер |
| b |
|
М. |
| 1 |
|
702 1 |
| a |
|
Коваленков |
| b |
|
А. |
| 4 |
|
520 |
| 1 |
|
2001 |
| a |
|
Солнце скрылось за горою |
| 464 |
Аналитический уровень |
_0 |
| 1 |
|
700 1 |
| a |
|
Богословский |
| b |
|
Н. |
| 1 |
|
702 1 |
| a |
|
Жаров |
| b |
|
А. |
| 4 |
|
520 |
| 1 |
|
2001 |
| a |
|
Где ты, утро раннее? |
| 464 |
Аналитический уровень |
_0 |
| 1 |
|
036 |
| t |
|
Вновь богачи разжигают пожар... |
| 1 |
|
700 1 |
| a |
|
Белый |
| b |
|
В. |
| 1 |
|
702 1 |
| a |
|
Френкель |
| b |
|
И. |
| 4 |
|
520 |
| 1 |
|
2001 |
| a |
|
В защиту мира! |
| 464 |
Аналитический уровень |
_0 |
| 1 |
|
036 |
| t |
|
Песня студентов над миром несется... |
| 1 |
|
700 1 |
| a |
|
Мурадели |
| b |
|
В. |
| 1 |
|
702 1 |
| a |
|
Ошанин |
| b |
|
Л. |
| 4 |
|
520 |
| 1 |
|
2001 |
| a |
|
Гимн Международного союза студентов |
| 464 |
Аналитический уровень |
_0 |
| 1 |
|
036 |
| t |
|
Говорят, что есть на свете... |
| 1 |
|
700 1 |
| a |
|
Титов |
| b |
|
А. |
| 1 |
|
702 1 |
| a |
|
Васильев |
| b |
|
С. |
| 4 |
|
520 |
| 1 |
|
2001 |
| a |
|
Москва советская |
| 464 |
Аналитический уровень |
_0 |
| 1 |
|
700 1 |
| a |
|
Блантер |
| b |
|
М. |
| 1 |
|
702 1 |
| a |
|
Исаковский |
| b |
|
М. |
| 4 |
|
520 |
| 1 |
|
2001 |
| a |
|
Летят перелетные птицы |
| 464 |
Аналитический уровень |
_0 |
| 1 |
|
036 |
| t |
|
Вот солдаты идут... |
| 1 |
|
700 1 |
| a |
|
Молчанов |
| b |
|
К. |
| 1 |
|
702 1 |
| a |
|
Львовский |
| b |
|
М. |
| 4 |
|
520 |
| 1 |
|
2001 |
| a |
|
Солдаты идут |
| 464 |
Аналитический уровень |
_0 |
| 1 |
|
700 1 |
| a |
|
Макаров |
| b |
|
В. |
| 1 |
|
702 1 |
| a |
|
Шведов |
| b |
|
Я. |
| 4 |
|
520 |
| 1 |
|
2001 |
| a |
|
Рос на опушке рощи клен |
| 464 |
Аналитический уровень |
_0 |
| 1 |
|
036 |
| t |
|
На Волге широкой, на стрелке далекой... |
| 1 |
|
700 1 |
| a |
|
Мокроусов |
| b |
|
Б. |
| 1 |
|
702 1 |
| a |
|
Долматовский |
| b |
|
Е. |
| 4 |
|
520 |
| 1 |
|
2001 |
| a |
|
Сормовская лирическая |
| 464 |
Аналитический уровень |
_0 |
| 1 |
|
036 |
| t |
|
Ой, цветет калина в поле у ручья... |
| 1 |
|
700 1 |
| a |
|
Дунаевский |
| b |
|
И. |
| 1 |
|
702 1 |
| a |
|
Исаковский |
| b |
|
М. |
| 4 |
|
520 |
| 1 |
|
2001 |
| a |
|
Ой, цветет калина |
| e |
|
из кф. "Кубанские казаки" |
| 1 |
|
50010 |
| a |
|
Кубанские казаки |
| 464 |
Аналитический уровень |
_0 |
| 1 |
|
036 |
| t |
|
Каким ты был, таким остался... |
| 1 |
|
700 1 |
| a |
|
Дунаевский |
| b |
|
И. |
| 1 |
|
702 1 |
| a |
|
Исаковский |
| b |
|
М. |
| 4 |
|
520 |
| 1 |
|
2001 |
| a |
|
Каким ты был... |
| e |
|
из кф. "Кубанские казаки" |
| 1 |
|
50010 |
| a |
|
Кубанские казаки |
| 464 |
Аналитический уровень |
_0 |
| 1 |
|
036 |
| t |
|
Колышется даль голубая... |
| 1 |
|
700 1 |
| a |
|
Прицкер |
| b |
|
Д. |
| 1 |
|
702 1 |
| a |
|
Фогельсон |
| b |
|
С. |
| 4 |
|
520 |
| 1 |
|
2001 |
| a |
|
Белокрылые чайки |
| 464 |
Аналитический уровень |
_0 |
| 1 |
|
700 1 |
| a |
|
Шостакович |
| b |
|
Д. |
| 1 |
|
702 1 |
| a |
|
Долматовский |
| b |
|
Е. |
| 4 |
|
520 |
| 1 |
|
2001 |
| a |
|
Родина слышит |
| 464 |
Аналитический уровень |
_0 |
| 1 |
|
700 1 |
| a |
|
Макаров |
| b |
|
В. |
| 1 |
|
702 1 |
| a |
|
Белинский |
| b |
|
Я. |
| 4 |
|
520 |
| 1 |
|
2001 |
| a |
|
Как у Волги у реки |
| e |
|
из сюиты "Река-богатырь" |
| 1 |
|
50010 |
| a |
|
Река-богатырь |
| 464 |
Аналитический уровень |
_0 |
| 1 |
|
036 |
| t |
|
Как с боями шел вперед солдат, да... |
| 1 |
|
700 1 |
| a |
|
Жарковский |
| b |
|
Е. |
| 1 |
|
702 1 |
| a |
|
Колычев |
| b |
|
О. |
| 4 |
|
520 |
| 1 |
|
2001 |
| a |
|
Ласточка-касаточка |
| 464 |
Аналитический уровень |
_0 |
| 1 |
|
036 |
| t |
|
Мы живем под солнцем золотым... |
| 1 |
|
700 1 |
| a |
|
Туликов |
| b |
|
С. |
| 1 |
|
702 1 |
| a |
|
Долматовский |
| b |
|
Е. |
| 4 |
|
520 |
| 1 |
|
2001 |
| a |
|
Марш советской молодежи |
| 464 |
Аналитический уровень |
_0 |
| 1 |
|
036 |
| t |
|
Летите, голуби, летите... |
| 1 |
|
700 1 |
| a |
|
Дунаевский |
| b |
|
И. |
| 1 |
|
702 1 |
| a |
|
Матусовский |
| b |
|
М. |
| 4 |
|
520 |
| 1 |
|
2001 |
| a |
|
Летите, голуби |
| e |
|
из кф. "Мы за мир" |
| 1 |
|
50010 |
| a |
|
Мы за мир |
| 464 |
Аналитический уровень |
_0 |
| 1 |
|
036 |
| t |
|
Слава борцам, что за правду вставали... |
| 1 |
|
700 1 |
| a |
|
Мурадели |
| b |
|
В. |
| 1 |
|
702 1 |
| a |
|
Михалков |
| b |
|
С. |
| 4 |
|
520 |
| 1 |
|
2001 |
| a |
|
Партия - наш рулевой |
| 464 |
Аналитический уровень |
_0 |
| 1 |
|
036 |
| t |
|
Кто выходит рано в поле?.. |
| 1 |
|
700 1 |
| a |
|
Захаров |
| b |
|
В. |
| 1 |
|
702 1 |
| a |
|
Казьмин |
| b |
|
П. |
| 4 |
|
520 |
| 1 |
|
2001 |
| a |
|
Русская красавица |
| 464 |
Аналитический уровень |
_0 |
| 1 |
|
036 |
| t |
|
Вечер тихой песнею над рекой плывет... |
| 1 |
|
700 1 |
| a |
|
Родыгин |
| b |
|
Е. |
| 1 |
|
702 1 |
| a |
|
Пилипенко |
| b |
|
М. |
| 4 |
|
520 |
| 1 |
|
2001 |
| a |
|
Уральская рябинушка |
| 464 |
Аналитический уровень |
_0 |
| 1 |
|
036 |
| t |
|
Мы пришли чуть свет... |
| 1 |
|
700 1 |
| a |
|
Мурадели |
| b |
|
В. |
| 1 |
|
702 1 |
| a |
|
Иодковский |
| b |
|
Э. |
| 4 |
|
520 |
| 1 |
|
2001 |
| a |
|
Едем мы, друзья! |
| 464 |
Аналитический уровень |
_0 |
| 1 |
|
036 |
| t |
|
Родины просторы, горы и долины... |
| 1 |
|
700 1 |
| a |
|
Родыгин |
| b |
|
Е. |
| 1 |
|
702 1 |
| a |
|
Солохина |
| b |
|
Н. |
| 4 |
|
520 |
| 1 |
|
2001 |
| a |
|
Едут новоселы |
| 464 |
Аналитический уровень |
_0 |
| 1 |
|
036 |
| t |
|
Шел ли дальней стороною... |
| 1 |
|
700 1 |
| a |
|
Хренников |
| b |
|
Т. |
| 1 |
|
702 1 |
| a |
|
Матусовский |
| b |
|
М. |
| 4 |
|
520 |
| 1 |
|
2001 |
| a |
|
Песня верных друзей |
| e |
|
из кф. "Верные друзья" |
| 1 |
|
50010 |
| a |
|
Верные друзья |
| 464 |
Аналитический уровень |
_0 |
| 1 |
|
036 |
| t |
|
Ветви оделись листвою весенней... |
| 1 |
|
700 1 |
| a |
|
Холминов |
| b |
|
А. |
| 1 |
|
702 1 |
| a |
|
Каменецкий |
| b |
|
Ю. |
| 4 |
|
520 |
| 1 |
|
2001 |
| a |
|
Песня о Ленине |
| 464 |
Аналитический уровень |
_0 |
| 1 |
|
036 |
| t |
|
День за днем идут года... |
| 1 |
|
700 1 |
| a |
|
Туликов |
| b |
|
С. |
| 1 |
|
702 1 |
| a |
|
Ошанин |
| b |
|
Л. |
| 4 |
|
520 |
| 1 |
|
2001 |
| a |
|
Ленин всегда с тобой |
| 464 |
Аналитический уровень |
_0 |
| 1 |
|
036 |
| t |
|
Путь далек у нас с тобою... |
| 1 |
|
700 1 |
| a |
|
Соловьев-Седой |
| b |
|
В. |
| 1 |
|
702 1 |
| a |
|
Дудин |
| b |
|
М. |
| 4 |
|
520 |
| 1 |
|
2001 |
| a |
|
В путь |
| 464 |
Аналитический уровень |
_0 |
| 1 |
|
036 |
| t |
|
Ой, красивы над Волгой закаты... |
| 1 |
|
700 1 |
| a |
|
Мокроусов |
| b |
|
Б. |
| 1 |
|
702 1 |
| a |
|
Островой |
| b |
|
С. |
| 4 |
|
520 |
| 1 |
|
2001 |
| a |
|
Жди солдата |
| 464 |
Аналитический уровень |
_0 |
| 1 |
|
036 |
| t |
|
На солдатском привале... |
| 1 |
|
700 1 |
| a |
|
Терентьев |
| b |
|
Б. |
| 1 |
|
702 1 |
| a |
|
Гурьян |
| b |
|
В. |
| 4 |
|
520 |
| 1 |
|
2001 |
| a |
|
Гвардейская полька |
| 606 |
Тематические рубрики |
0_ |
| a |
Основная рубрика |
Сольное пение |
| x |
Основная подрубрика |
Песни советских композиторов |
| 606 |
Тематические рубрики |
0_ |
| a |
Основная рубрика |
Хоровое пение |
| x |
Основная подрубрика |
Песни советских композиторов |
| 610 |
Ключевые слова |
0_ |
| a |
Ключевые слова |
сольное пение; хоровое пение; песни советских композиторов |
| 686 |
Индексы других классификаций |
__ |
| 2 |
Код системы |
rubbk |
| a |
Классификационный индекс |
85.94-041я43 |
| 801 |
Источник записи |
_0 |
| a |
Страна |
RU |
| b |
Организация |
Ульяновская ОНБ |
| c |
Дата составления |
20241120 |
| g |
Правила каталогизации |
RCR |
| 801 |
Источник записи |
_1 |
| a |
Страна |
RU |
| b |
Организация |
Ульяновская ОНБ |
| c |
Дата составления |
20241120 |
| g |
Правила каталогизации |
RCR |
| 901 |
Тип документа |
__ |
| t |
Тип документа |
n |
| w |
Контрольный № источника |
UONB/MAIN/d9f31194a1fe40d481b09c8824578d1e |
| 909 |
Создатель записи |
__ |
| a |
Создатель записи |
Грязнова И. Е. |
| b |
Дата создания записи |
20241120 |